000 01063nas a2200277 4500
001 BR8400912
003 BR-BrBNA
005 20231205085812.0
007 ta
008 230509b bl.|||p| |||| 00| 00por d
040 _aBR-BrBNA
_bpor
_cBiblioteca Nacional de Agricultura
041 _a(Pt)
072 _aP12; F22; U10
100 1 _aMartinez, M.A.
100 1 _aFerreira, P.A.
100 1 _aBernardo, S.
100 1 _aChaves, R.N. de M.
245 1 _aComparacao entre potenciais de agua no solo, medidos no campo e simulados [irrigacao, condutividade hidraulica, modelo matematico, Brasil]
_bParte de tese
246 1 _aComparison between water potentials in the soil, measured in field and simulated [irrigation, water conductiveness, mathematical model, Brazil]
_b[Part of thesis]
650 _aIRRIGACAO
650 _aCONDUTIVIDADE HIDRAULICA
650 _aMODELO MATEMATICO
773 0 _tRevista Ceres (Brazil)
_xISSN 0034-737X
_g(Jul 1983), v. 30(170) p. 268-284
_wBR8400912
909 _a202311
_bLúcia
_c55
_dLúcia Elande
942 _2AGRIS
_n0
_cANA
999 _c113917
_d113917